अतिरेक्यांSाा कर्दनकाळ : जे. एफ. रिबेरो (Record no. 320242)
[ view plain ]
| 000 -LEADER | |
|---|---|
| fixed length control field | 00694nam a2200169Ia 4500 |
| 008 - FIXED-LENGTH DATA ELEMENTS--GENERAL INFORMATION | |
| fixed length control field | 090711s9999 xx 000 0 und d |
| 082 ## - DEWEY DECIMAL CLASSIFICATION NUMBER | |
| Item number | 60369 |
| 100 ## - MAIN ENTRY--PERSONAL NAME | |
| Personal name | भट विठ्ठलराय |
| 245 ## - TITLE STATEMENT | |
| Title | अतिरेक्यांSाा कर्दनकाळ : जे. एफ. रिबेरो |
| 260 ## - PUBLICATION, DISTRIBUTION, ETC. (IMPRINT) | |
| Date of publication, distribution, etc | 1987 |
| 300 ## - PHYSICAL DESCRIPTION | |
| Extent | 32 |
| 600 ## - SUBJECT ADDED ENTRY--PERSONAL NAME | |
| Personal name | भट विठ्ठलराय |
| 630 ## - SUBJECT ADDED ENTRY--UNIFORM TITLE | |
| Uniform title | अतिरेक्यांSाा कर्दनकाळ : जे. एफ. रिबेरो |
| 700 ## - ADDED ENTRY--PERSONAL NAME | |
| Personal name | भट विठ्ठलराय |
| 730 ## - ADDED ENTRY--UNIFORM TITLE | |
| Uniform title | अतिरेक्यांSाा कर्दनकाळ : जे. एफ. रिबेरो |
| 942 ## - ADDED ENTRY ELEMENTS (KOHA) | |
| Koha item type | Book |
No items available.